000 00437nam a2200181Ia 4500
001 15030
005 20260306164958.0
008 260306t2006||||xx |||||||||||||| ||spa||
041 _aESP
082 _a526.9
_bD54
100 _aDelgado Pascual, Mercedes
_eAUT
245 0 _aProblemas resueltos de topografĂ­a
260 _c2006
300 _a218 páginas :
_c24 cm.
650 _aGEN
654 _aCIC
942 _cLIB
_dJUS
_fJUS
_2ddc
_n
999 _c15030
_d15030